000 00747nam a2200265 i 4500
001 C2-0280188
003 PPAK
005 20180728011215.0
008 070618s2006 my |||| ||||| | may d
020 _a9833372171
040 _aPPAK
_beng
_cPPAK
_erda
082 0 4 _a158.4
_223
090 0 0 _a158.4
_bMOH
_dG
100 0 _aMohd Fadzilah Kamsah,
_eauthor
245 1 0 _aKunci menjadi individu berkredibiliti
264 1 _aBatu Caves, Selangor :
_bPTS Millennia ,
_c2006
300 _axiv, 178 pages ;
_c23 cm
336 _2rdacontent
_atext
337 _2rdamedia
_aunmediated
338 _2rdacarrier
_avolume
490 1 _aSiri pembangunan diri
650 1 0 _aLeadership - Psychology.
830 0 _aSiri pembangunan diri
942 _ddc
_cB
999 _c86757
_d86757